00171nam a22000737a 4500003000400000245005600004260002900060300000800089SGT ainternational journal of civil engineering research bSpringer publisherc2021 a400